[Event "3. Memorial Oliver Gonzalez 2012 - B"]
[Site "Madrid ESP"]
[Date "2012.09.03"]
[Round "3.5"]
[White "Marcos Herrero, Francisco"]
[Black "Rasskin Friederichs, Ivan"]
[Result "1/2-1/2"]
[WhiteElo "1937"]
[BlackElo "2015"]
[PlyCount "160"]
[EventDate "2012.09.01"]
[EventType "swiss"]
[EventRounds "9"]
[EventCountry "ESP"]
[Source "lmi"]
[SourceDate "2012.09.01"]

1. d4 Nf6 2. c4 g6 3. g3 Bg7 4. Bg2 O-O 5. Nc3 d6 6. Nf3 Nc6 7. O-O a6 8. Qd3
Rb8 9. d5 Na7 10. a4 e5 11. e4 Nh5 12. b4 f5 13. Nd2 f4 14. c5 g5 15. Nc4 g4
16. Rd1 Rf6 17. Bf1 Bd7 18. Rb1 Qe7 19. cxd6 cxd6 20. b5 axb5 21. axb5 Rbf8 22.
Ba3 Nc8 23. Be2 Qf7 24. Rf1 f3 25. Bd1 Rh6 26. Bc1 Nf4 27. Bxf4 exf4 28. h4 Qh5
29. Kh2 Bf6 30. Rh1 fxg3+ 31. fxg3 Bxh4 32. Kg1 f2+ 33. Kg2 Qf7 34. Be2 Bg5 35.
Ne3 Rxh1 36. Rxh1 h5 37. Ncd1 Ne7 38. Rf1 Ng6 39. Rxf2 Qe8 40. Rxf8+ Qxf8 41.
Nf5 Bxf5 42. exf5 Ne7 43. b6 Qxf5 44. Qxf5 Nxf5 45. Ba6 Be3 46. Nxe3 Nxe3+ 47.
Kf2 Nd1+ 48. Ke1 Nc3 49. Kd2 Ne4+ 50. Ke3 Nc5 51. Bb5 Kg7 52. Kf4 Kf6 53. Be8
Nd3+ 54. Ke4 Ne5 55. Bxh5 Kg5 56. Be8 Nc4 57. Bc6 Nxb6 58. Bxb7 Nc4 59. Ba6 Ne5
60. Be2 Ng6 61. Bb5 Ne7 62. Bd7 Ng8 63. Be6 Nf6+ 64. Ke3 Nh5 65. Kf2 Ng7 66.
Bd7 Nf5 67. Be6 Kf6 68. Kg2 Ke5 69. Kf2 Ke4 70. Bf7 Ne3 71. Be6 Kd4 72. Ke2
Nxd5 73. Bxg4 Nc3+ 74. Kf2 Ne4+ 75. Kg2 Ke5 76. Bf3 d5 77. Be2 Nc3 78. Kf3 d4
79. Bd3 Nd5 80. g4 Nf4 1/2-1/2

[Event "3. Memorial Oliver Gonzalez 2012 - B"]
[Site "Madrid ESP"]
[Date "2012.09.03"]
[Round "3.6"]
[White "Ruiz Quevedo, Andres"]
[Black "De Sousa Da Silva, Armando"]
[Result "1/2-1/2"]
[WhiteElo "1916"]
[BlackElo "2014"]
[PlyCount "78"]
[EventDate "2012.09.01"]
[EventType "swiss"]
[EventRounds "9"]
[EventCountry "ESP"]
[Source "lmi"]
[SourceDate "2012.09.01"]

1. g3 d5 2. Nf3 c5 3. Bg2 Nc6 4. c4 d4 5. O-O e5 6. d3 f6 7. e3 Be6 8. exd4
cxd4 9. Na3 Qd7 10. Nc2 Bc5 11. a3 a5 12. Rb1 Nge7 13. b4 axb4 14. axb4 Bd6 15.
c5 Bb8 16. Bd2 O-O 17. b5 Nd8 18. Bb4 Re8 19. Na3 Nd5 20. Nc4 Qxb5 21. Nb6 Nxb6
22. cxb6 Qxb6 23. Nd2 Qa6 24. Nb3 Ba7 25. f4 Nc6 26. Nc5 Bxc5 27. Bxc5 b5 28.
fxe5 fxe5 29. Be4 g6 30. Qf3 Rac8 31. Ra1 Qb7 32. Ra7 Qxa7 33. Bxa7 Nxa7 34.
Qf6 Bb3 35. Bxg6 Rf8 36. Bxh7+ Kxh7 37. Qe7+ Kg8 38. Qg5+ Kh7 39. Qe7+ Kg8
1/2-1/2

[Event "3. Memorial Oliver Gonzalez 2012 - B"]
[Site "Madrid ESP"]
[Date "2012.09.03"]
[Round "3.7"]
[White "Alonso Aranzabal, Iñigo"]
[Black "Camarero Izquierdo, Juan Carlo"]
[Result "0-1"]
[WhiteElo "1976"]
[BlackElo "1899"]
[PlyCount "64"]
[EventDate "2012.09.01"]
[EventType "swiss"]
[EventRounds "9"]
[EventCountry "ESP"]
[Source "lmi"]
[SourceDate "2012.09.01"]

1. e4 c6 2. d4 d5 3. exd5 cxd5 4. c4 e6 5. Nf3 Nf6 6. Nc3 Nc6 7. Bd3 Be7 8. O-O
O-O 9. a3 a6 10. c5 Qc7 11. Re1 Nh5 12. Ng5 Nf6 13. Bb1 h6 14. Nf3 Ne8 15. Na4
f5 16. Nb6 Rb8 17. b4 Nf6 18. g3 g5 19. h4 Ne4 20. hxg5 hxg5 21. Bxe4 fxe4 22.
Nxg5 Bxg5 23. Bxg5 Qg7 24. Be3 Rf3 25. Kg2 Ne7 26. Qd2 Nf5 27. Bf4 Nh4+ 28. Kf1
e5 29. Bh6 Bh3+ 30. Kg1 Rxg3+ 31. fxg3 Qxg3+ 32. Kh1 Bg2+ 0-1

[Event "3. Memorial Oliver Gonzalez 2012 - B"]
[Site "Madrid ESP"]
[Date "2012.09.03"]
[Round "3.8"]
[White "Lopez Heras, Arturo"]
[Black "Fernandez Gil, Ruben Carlos"]
[Result "0-1"]
[WhiteElo "1976"]
[BlackElo "1891"]
[PlyCount "74"]
[EventDate "2012.09.01"]
[EventType "swiss"]
[EventRounds "9"]
[EventCountry "ESP"]
[Source "lmi"]
[SourceDate "2012.09.01"]

1. e4 e6 2. d4 d5 3. e5 c5 4. c3 Qb6 5. Nf3 Nc6 6. a3 c4 7. Nbd2 Na5 8. g3 Bd7
9. h4 Ne7 10. Bh3 Qc7 11. O-O h6 12. Rb1 Nc8 13. Ne1 Nb6 14. Ng2 Ba4 15. Qh5
O-O-O 16. Nf4 Qe7 17. Qg4 Bc2 18. Ra1 g5 19. Nxe6 fxe6 20. Qxe6+ Qxe6 21. Bxe6+
Kb8 22. hxg5 hxg5 23. Nf3 Be4 24. Nh2 Be7 25. Be3 Rh6 26. Bg4 Rdh8 27. f3 Rxh2
28. fxe4 dxe4 29. Rab1 Rh1+ 30. Kf2 R8h2+ 31. Ke1 Nd5 32. Bg1 Rg2 33. Bf2 Rhh2
34. Be6 Ne3 35. Bxe3 Re2+ 36. Kd1 Rxe3 37. Rg1 Nb3 0-1

[Event "3. Memorial Oliver Gonzalez 2012 - B"]
[Site "Madrid ESP"]
[Date "2012.09.03"]
[Round "3.9"]
[White "Merino Araguas, Jose Javier"]
[Black "Fernandez Lago, David"]
[Result "0-1"]
[WhiteElo "1811"]
[BlackElo "1976"]
[PlyCount "110"]
[EventDate "2012.09.01"]
[EventType "swiss"]
[EventRounds "9"]
[EventCountry "ESP"]
[Source "lmi"]
[SourceDate "2012.09.01"]

1. d4 Nf6 2. c4 e6 3. Nf3 c5 4. e3 d5 5. cxd5 exd5 6. Nc3 Nc6 7. dxc5 Bxc5 8.
Be2 O-O 9. O-O h6 10. b3 d4 11. Na4 Bd6 12. exd4 Bg4 13. Bb2 Qe7 14. Re1 Bb4
15. Bc3 Bxc3 16. Nxc3 Qb4 17. Rc1 Bxf3 18. Bxf3 Nxd4 19. Nd5 Nxf3+ 20. Qxf3
Nxd5 21. Qxd5 Rad8 22. Qc5 Qxc5 23. Rxc5 Rd2 24. Rc7 Rfd8 25. Rxb7 Re2 26. Rf1
Rxa2 27. g3 g6 28. Kg2 Rdd2 29. h4 h5 30. Rb8+ Kg7 31. Rb7 Rdb2 32. Kf3 a5 33.
Kg2 a4 34. b4 a3 35. b5 Rb3 36. Re1 Rbb2 37. Rf1 Kf6 38. b6 Rb5 39. Rc1 Rab2
40. Rcc7 Rxb6 41. Rxf7+ Ke5 42. Rxb6 Rxb6 43. Ra7 Rb3 44. Ra4 Kd5 45. Kf1 Kc5
46. Ke1 Kb5 47. Ra8 Kb4 48. Kd1 Rc3 49. Kd2 Rc4 50. Rb8+ Ka4 51. Rb6 a2 52.
Ra6+ Kb3 53. Kd1 Ra4 54. Rb6+ Ka3 55. Kc2 a1=Q 0-1

[Event "3. Memorial Oliver Gonzalez 2012 - B"]
[Site "Madrid ESP"]
[Date "2012.09.03"]
[Round "3.11"]
[White "Julian Serra, Rogelio"]
[Black "Alvarez Gonzalez, Eduardo"]
[Result "1/2-1/2"]
[WhiteElo "2042"]
[BlackElo "1771"]
[PlyCount "136"]
[EventDate "2012.09.01"]
[EventType "swiss"]
[EventRounds "9"]
[EventCountry "ESP"]
[Source "lmi"]
[SourceDate "2012.09.01"]

1. c4 e5 2. Nc3 Nf6 3. g3 Nc6 4. Bg2 Bc5 5. Nf3 d6 6. d3 O-O 7. O-O Re8 8. Bg5
h6 9. Bxf6 Qxf6 10. Ne4 Qe6 11. Nxc5 dxc5 12. a3 Bd7 13. Nd2 a5 14. Ne4 b6 15.
Nc3 Rac8 16. Rb1 Ne7 17. b4 cxb4 18. axb4 axb4 19. Rxb4 Bc6 20. Nb5 Bxg2 21.
Kxg2 Qc6+ 22. f3 Qc5 23. Qd2 Nf5 24. Rfb1 Red8 25. Na7 Ra8 26. Rb5 Ne3+ 27. Kh1
Nxc4 28. Qa2 Qa3 29. Qxc4 Qxa7 30. Rxe5 Qa2 31. Rc1 Qxc4 32. Rxc4 c5 33. Rc2
Re8 34. Rxe8+ Rxe8 35. Kg1 f5 36. Kf2 Kf7 37. Rc4 Rd8 38. Ke3 Ke6 39. g4 fxg4
40. Rxg4 g5 41. h4 Kf5 42. hxg5 hxg5 43. Re4 Rd5 44. Kd2 b5 45. Rg4 Rd7 46. Kc3
Kf6 47. f4 gxf4 48. Rxf4+ Ke5 49. Rh4 Ke6 50. Rh6+ Kd5 51. e4+ Ke5 52. Rc6 c4
53. Rc5+ Ke6 54. d4 Rb7 55. Kb4 Rd7 56. Re5+ Kf6 57. Rf5+ Kg6 58. Kc3 Re7 59.
Rxb5 Rxe4 60. Kxc4 Kf6 61. Kd5 Re6 62. Rb7 Ra6 63. Rd7 Ra4 64. Kc5 Ke6 65. Rd8
Ra5+ 66. Kc6 Ra6+ 67. Kb5 Rd6 68. Re8+ Kd5 1/2-1/2

[Event "3. Memorial Oliver Gonzalez 2012 - B"]
[Site "Madrid ESP"]
[Date "2012.09.03"]
[Round "3.12"]
[White "Abul, Qasem"]
[Black "Sanchez Lopez, Maria"]
[Result "1-0"]
[WhiteElo "2030"]
[BlackElo "1873"]
[PlyCount "147"]
[EventDate "2012.09.01"]
[EventType "swiss"]
[EventRounds "9"]
[EventCountry "ESP"]
[Source "lmi"]
[SourceDate "2012.09.01"]

1. f3 e5 2. e4 Bc5 3. Ne2 Nf6 4. Nbc3 a6 5. d4 exd4 6. Nxd4 O-O 7. Bg5 Nc6 8.
Nxc6 dxc6 9. Qxd8 Rxd8 10. Bxf6 gxf6 11. Bd3 Be3 12. Ke2 Bc5 13. Nd1 h5 14. Re1
Re8 15. Kf1 Bd7 16. Ne3 Bd6 17. Kf2 b5 18. c3 a5 19. Rad1 Rab8 20. h4 b4 21.
Nc4 Bc5+ 22. Kf1 a4 23. e5 fxe5 24. Bh7+ Kxh7 25. Rxd7 bxc3 26. bxc3 Re7 27.
Rxe7 Bxe7 28. Rxe5 Bf6 29. Rxh5+ Kg6 30. Rc5 Bxh4 31. Rxc6+ Bf6 32. Ke2 Rb1 33.
Kd3 Rd1+ 34. Nd2 Kg7 35. Rc4 a3 36. Kc2 Rg1 37. Rg4+ Kf8 38. Nb1 Be7 39. Nd2
Ra1 40. Kb3 Rd1 41. Rd4 Bf6 42. Rd3 Bg5 43. Kc2 Ra1 44. Kb3 Be7 45. g3 Bd6 46.
Ne4 Rb1+ 47. Ka4 Be7 48. g4 Ra1 49. Rd2 Ke8 50. Kb3 Rf1 51. Rf2 Rb1+ 52. Kc4
Kd7 53. Rc2 Kc6 54. Re2 Kd7 55. Kd5 Rb2 56. Rxb2 axb2 57. Nd2 c6+ 58. Kc4 Ke6
59. Kb3 Bg5 60. Nb1 Bc1 61. Na3 Ke5 62. Nc4+ Kf4 63. Kc2 f6 64. Nxb2 Be3 65.
Nc4 Bc5 66. Nd2 Ba3 67. Kd3 f5 68. gxf5 Kxf5 69. Nc4 Be7 70. a4 Kf4 71. Kc2 Bd8
72. a5 Bxa5 73. Nxa5 c5 74. Kd3 1-0

[Event "3. Memorial Oliver Gonzalez 2012 - B"]
[Site "Madrid ESP"]
[Date "2012.09.03"]
[Round "3.13"]
[White "Callejo Hernanz, Jesus Maria"]
[Black "Cavalle Pulla, Daniel"]
[Result "0-1"]
[WhiteElo "1798"]
[BlackElo "2019"]
[PlyCount "50"]
[EventDate "2012.09.01"]
[EventType "swiss"]
[EventRounds "9"]
[EventCountry "ESP"]
[Source "lmi"]
[SourceDate "2012.09.01"]

1. d4 Nf6 2. c4 c5 3. d5 b5 4. cxb5 a6 5. bxa6 g6 6. Nc3 Bxa6 7. e4 Bxf1 8.
Kxf1 d6 9. f4 Nbd7 10. Nf3 Nb6 11. Qe2 Bg7 12. Qb5+ Nfd7 13. Kf2 O-O 14. Be3
Qc7 15. Qe2 Rfb8 16. Rab1 Na4 17. Nxa4 Rxa4 18. a3 Rxe4 19. b3 Bd4 20. Nxd4
cxd4 21. Qd3 Rxe3 22. Qxd4 Rexb3 23. Rxb3 Qc2+ 24. Kg3 Rxb3+ 25. Kh4 Qxg2 0-1

[Event "3. Memorial Oliver Gonzalez 2012 - B"]
[Site "Madrid ESP"]
[Date "2012.09.03"]
[Round "3.14"]
[White "Perez Llera, Javier"]
[Black "Dominguez Alfara, Miguel"]
[Result "1-0"]
[WhiteElo "2015"]
[BlackElo "1828"]
[PlyCount "61"]
[EventDate "2012.09.01"]
[EventType "swiss"]
[EventRounds "9"]
[EventCountry "ESP"]
[Source "lmi"]
[SourceDate "2012.09.01"]

1. Nf3 d5 2. g3 Nf6 3. Bg2 e6 4. O-O Be7 5. d4 O-O 6. c4 c6 7. Nc3 Nbd7 8. cxd5
cxd5 9. Bf4 Nh5 10. Bd2 b6 11. e4 dxe4 12. Nxe4 Nhf6 13. Ne5 Nd5 14. Nc6 Qe8
15. Nc3 N7f6 16. Nxe7+ Qxe7 17. Bg5 Nxc3 18. bxc3 Ba6 19. Re1 Rac8 20. d5 h6
21. d6 Qd8 22. Bxf6 Qxf6 23. Qa4 Bd3 24. Qxa7 b5 25. Rad1 Rxc3 26. Re3 Bc2 27.
Rc1 Bd3 28. Rxc3 Qxc3 29. Bf1 Qc6 30. Rxd3 Ra8 31. Qc7 1-0

[Event "3. Memorial Oliver Gonzalez 2012 - B"]
[Site "Madrid ESP"]
[Date "2012.09.03"]
[Round "3.15"]
[White "Avendaño Mateos, Jose"]
[Black "Martinez Montalvo, Eduardo"]
[Result "1-0"]
[WhiteElo "2014"]
[BlackElo "1825"]
[PlyCount "27"]
[EventDate "2012.09.01"]
[EventType "swiss"]
[EventRounds "9"]
[EventCountry "ESP"]
[Source "lmi"]
[SourceDate "2012.09.01"]

1. d4 Nf6 2. Nf3 c5 3. c3 cxd4 4. cxd4 d5 5. Nc3 Bf5 6. Qb3 b6 7. Bg5 e6 8. e3
Be7 9. Bb5+ Nbd7 10. Ne5 O-O 11. Nc6 Qe8 12. Ne5 Qd8 13. Bxd7 Nxd7 14. Nc6 1-0

[Event "3. Memorial Oliver Gonzalez 2012 - B"]
[Site "Madrid ESP"]
[Date "2012.09.03"]
[Round "3.16"]
[White "Pinel Mirasierra, Jose Pablo"]
[Black "Ortiz Berruguete, Adrian"]
[Result "0-1"]
[WhiteElo "1999"]
[BlackElo "1803"]
[PlyCount "108"]
[EventDate "2012.09.01"]
[EventType "swiss"]
[EventRounds "9"]
[EventCountry "ESP"]
[Source "lmi"]
[SourceDate "2012.09.01"]

1. d4 Nf6 2. c4 c5 3. Nf3 e6 4. g3 b6 5. Bg2 Bb7 6. O-O Qc7 7. Nc3 a6 8. Bf4
Bd6 9. Bxd6 Qxd6 10. dxc5 Qxc5 11. Qd4 Qxd4 12. Nxd4 Bxg2 13. Kxg2 Nc6 14. Rfd1
Ke7 15. e4 Rhc8 16. Rac1 Nxd4 17. Rxd4 Rc6 18. e5 Ne8 19. Rcd1 Ra7 20. a4 Rac7
21. b3 g6 22. Na2 Ra7 23. Nb4 Rc5 24. Nd3 Rc6 25. g4 f6 26. f4 a5 27. Kf3 fxe5
28. fxe5 d6 29. exd6+ Rxd6 30. Ne5 Rxd4 31. Nc6+ Kf6 32. Rxd4 Rc7 33. Rf4+ Kg7
34. Nd4 Re7 35. Nc6 Rc7 36. Ne5 Nf6 37. g5 Ne8 38. Rd4 Kg8 39. Rd8 Kf8 40. Rb8
Ke7 41. Rxb6 Rc5 42. Rb5 Kd6 43. Rxc5 Kxc5 44. Nd3+ Kd4 45. Nf4 Nc7 46. h4 Kc3
47. Ke4 Kxb3 48. Kd3 Kxa4 49. h5 gxh5 50. Nxh5 Kb3 51. Nf6 a4 52. Nxh7 a3 53.
g6 Ne8 54. Nf8 a2 0-1

[Event "3. Memorial Oliver Gonzalez 2012 - B"]
[Site "Madrid ESP"]
[Date "2012.09.03"]
[Round "3.17"]
[White "Rojas Pozo, Jose Luis"]
[Black "Plazuelo Pascual, Juan"]
[Result "1/2-1/2"]
[WhiteElo "1963"]
[BlackElo "1721"]
[PlyCount "76"]
[EventDate "2012.09.01"]
[EventType "swiss"]
[EventRounds "9"]
[EventCountry "ESP"]
[Source "lmi"]
[SourceDate "2012.09.01"]

1. e4 e6 2. d4 d5 3. e5 c5 4. c3 Nc6 5. Nf3 Bd7 6. Be2 Nge7 7. Na3 cxd4 8. cxd4
Nf5 9. Nc2 Qb6 10. O-O Rd8 11. g4 Nfe7 12. Bd3 h5 13. h3 hxg4 14. hxg4 Nb4 15.
Nxb4 Qxb4 16. Qe2 f5 17. g5 Ng6 18. Be3 Nh4 19. Nxh4 Rxh4 20. f4 Be7 21. Kg2
Kf7 22. Rh1 Rdh8 23. Rxh4 Rxh4 24. Rh1 Rxh1 25. Kxh1 g6 26. Kg2 a6 27. Kf3 Bf8
28. Qh2 Bb5 29. Bxb5 Qxb5 30. Qe2 Qxe2+ 31. Kxe2 Ke8 32. Bd2 Kd7 33. Kd3 Kc6
34. a4 b5 35. b3 Kb6 36. a5+ Kc6 37. b4 Be7 38. Ke2 Bd8 1/2-1/2

[Event "3. Memorial Oliver Gonzalez 2012 - B"]
[Site "Madrid ESP"]
[Date "2012.09.03"]
[Round "3.18"]
[White "Sanchez Romero, Ruben"]
[Black "Rodriguez Dorado, Victor"]
[Result "1-0"]
[WhiteElo "1788"]
[BlackElo "1958"]
[PlyCount "27"]
[EventDate "2012.09.01"]
[EventType "swiss"]
[EventRounds "9"]
[EventCountry "ESP"]
[Source "lmi"]
[SourceDate "2012.09.01"]

1. e4 c6 2. Nc3 d5 3. Qf3 d4 4. Bc4 e6 5. Nce2 Nf6 6. d3 e5 7. Qg3 Nbd7 8. Nf3
Qe7 9. Ng5 Nb6 10. Bxf7+ Kd8 11. Bb3 c5 12. Nf7+ Kc7 13. Nxh8 Be6 14. Qxe5+ 1-0

[Event "3. Memorial Oliver Gonzalez 2012 - B"]
[Site "Madrid ESP"]
[Date "2012.09.03"]
[Round "3.19"]
[White "Sierra Soria, Maria"]
[Black "Tirado Parra, Alberto"]
[Result "1-0"]
[WhiteElo "1795"]
[BlackElo "1910"]
[PlyCount "73"]
[EventDate "2012.09.01"]
[EventType "swiss"]
[EventRounds "9"]
[EventCountry "ESP"]
[Source "lmi"]
[SourceDate "2012.09.01"]

1. e4 d5 2. exd5 Qxd5 3. Nc3 Qa5 4. d4 c6 5. Nf3 Nf6 6. Bc4 Bf5 7. O-O e6 8.
Bf4 Nbd7 9. h3 h6 10. Bd3 Bxd3 11. Qxd3 Be7 12. Rfe1 O-O 13. Nd1 Rad8 14. a3 b5
15. Ne3 Nd5 16. Bh2 Qb6 17. c3 a5 18. Ng4 c5 19. Nge5 N7f6 20. Rad1 c4 21. Qe2
Qa6 22. Nd2 Bxa3 23. Rb1 Bxb2 24. Rxb2 Nxc3 25. Qf3 Na4 26. Ra2 c3 27. Nb3 Nd5
28. Rc1 Ra8 29. Bg3 Qb6 30. Nd7 Qc6 31. Nxf8 Kxf8 32. Be5 Qc4 33. Ra3 Ndb6 34.
Nc5 Qb4 35. Rb3 Qc4 36. Nxa4 Qxa4 37. Rbxc3 1-0

[Event "3. Memorial Oliver Gonzalez 2012 - B"]
[Site "Madrid ESP"]
[Date "2012.09.03"]
[Round "3.20"]
[White "Vargas Huamani, Juan C"]
[Black "Fernandez Rodriguez, Fernando"]
[Result "1-0"]
[WhiteElo "1898"]
[BlackElo "1728"]
[PlyCount "67"]
[EventDate "2012.09.01"]
[EventType "swiss"]
[EventRounds "9"]
[EventCountry "ESP"]
[Source "lmi"]
[SourceDate "2012.09.01"]

1. e4 e5 2. Nf3 Nc6 3. d4 exd4 4. Bc4 Bb4+ 5. c3 dxc3 6. bxc3 Bc5 7. Bxf7+ Kxf7
8. Qd5+ Ke8 9. Qxc5 d6 10. Qh5+ g6 11. Qb5 a6 12. Qb3 Nf6 13. O-O b5 14. Bf4
Qe7 15. Nbd2 Be6 16. Qc2 Nd7 17. Nd4 Nxd4 18. cxd4 c5 19. d5 Bf7 20. a4 Qf6 21.
Bg3 Ke7 22. Nf3 g5 23. e5 dxe5 24. Nxe5 Rhc8 25. d6+ Kd8 26. Nxd7 Kxd7 27. axb5
Bg6 28. Qc4 Qd4 29. Qe2 Re8 30. Qf3 Qe4 31. Qc3 Qd4 32. Qa5 Rec8 33. Rfe1 Re8
34. Qc7# 1-0

[Event "3. Memorial Oliver Gonzalez 2012 - B"]
[Site "Madrid ESP"]
[Date "2012.09.03"]
[Round "3.21"]
[White "Tevar Becerra, Alvaro"]
[Black "Ortega Morales, Pedro"]
[Result "0-1"]
[WhiteElo "1559"]
[BlackElo "1876"]
[PlyCount "44"]
[EventDate "2012.09.01"]
[EventType "swiss"]
[EventRounds "9"]
[EventCountry "ESP"]
[Source "lmi"]
[SourceDate "2012.09.01"]

1. e4 e5 2. Nf3 Nc6 3. Bb5 Nf6 4. O-O Nxe4 5. d4 Nd6 6. Bxc6 dxc6 7. dxe5 Nf5
8. Qxd8+ Kxd8 9. Nc3 h6 10. h3 Be7 11. g4 Nh4 12. Nxh4 Bxh4 13. f4 h5 14. f5
hxg4 15. hxg4 Be7 16. Be3 b6 17. Rad1+ Ke8 18. f6 gxf6 19. exf6 Bd6 20. Ne4
Bh2+ 21. Kg2 Bxg4 22. Rde1 Bh3+ 0-1

[Event "3. Memorial Oliver Gonzalez 2012 - B"]
[Site "Madrid ESP"]
[Date "2012.09.03"]
[Round "3.23"]
[White "Vazquez Gonzalez, Francisco"]
[Black "Alfaya Marcelo, Roberto"]
[Result "1/2-1/2"]
[WhiteElo "2049"]
[BlackElo "1740"]
[PlyCount "87"]
[EventDate "2012.09.01"]
[EventType "swiss"]
[EventRounds "9"]
[EventCountry "ESP"]
[Source "lmi"]
[SourceDate "2012.09.01"]

1. e4 c5 2. Nf3 d6 3. d4 cxd4 4. Nxd4 Nf6 5. Nc3 a6 6. f3 e6 7. Be3 b5 8. Qd2
Nbd7 9. O-O-O Bb7 10. g4 h6 11. h4 b4 12. Nce2 d5 13. Ng3 dxe4 14. g5 hxg5 15.
hxg5 Rxh1 16. Nxh1 Nd5 17. g6 N5f6 18. gxf7+ Kxf7 19. Bh3 Bd5 20. fxe4 Nxe4 21.
Rf1+ Ndf6 22. Qd3 Qa5 23. Bxe6+ Bxe6 24. Qxe4 Qd5 25. Nxe6 Qxe4 26. Ng5+ Kg8
27. Nxe4 Nxe4 28. Nf2 Nxf2 29. Rxf2 Rd8 30. c3 bxc3 31. bxc3 Rc8 32. Kd2 Bc5
33. Bxc5 Rxc5 34. Kd3 Rc6 35. Kd4 g5 36. c4 g4 37. Kd5 Rg6 38. c5 g3 39. Rg2
Kf7 40. c6 Ke7 41. Kc5 Kd8 42. Kb6 Kc8 43. a3 Rg8 44. a4 1/2-1/2

[Event "3. Memorial Oliver Gonzalez 2012 - B"]
[Site "Madrid ESP"]
[Date "2012.09.03"]
[Round "3.24"]
[White "Sarto Ramos, Angel"]
[Black "Casado Izquierdo, David"]
[Result "1-0"]
[WhiteElo "2020"]
[BlackElo "1730"]
[PlyCount "122"]
[EventDate "2012.09.01"]
[EventType "swiss"]
[EventRounds "9"]
[EventCountry "ESP"]
[Source "lmi"]
[SourceDate "2012.09.01"]

1. d4 Nf6 2. Nf3 d6 3. Nc3 g6 4. Bg5 Bg7 5. Qd2 Nbd7 6. e4 h6 7. Bh4 g5 8. Bg3
c5 9. h3 Qb6 10. O-O-O Nh5 11. Nd5 Qd8 12. Bh2 Nb6 13. dxc5 Nxd5 14. Bb5+ Bd7
15. Bxd7+ Qxd7 16. Qxd5 Qb5 17. Nd4 Qxc5 18. Qxc5 dxc5 19. Nb5 O-O 20. Rd7 a6
21. Nc3 e6 22. Rxb7 Bd4 23. f3 Nf4 24. Bxf4 gxf4 25. Nd1 Rfb8 26. Rxb8+ Rxb8
27. c3 Be5 28. Nf2 Rd8 29. Ng4 Bg7 30. Rd1 Rxd1+ 31. Kxd1 Kf8 32. Kc2 Ke7 33.
Kd3 Kd7 34. Kc4 Kc6 35. Nf2 Bf8 36. Nd3 Bd6 37. e5 Be7 38. Nxf4 Bg5 39. Nd3 Be3
40. b4 cxb4 41. cxb4 h5 42. a4 h4 43. Ne1 Bf4 44. Kd4 Bg5 45. Nd3 Bd2 46. Kc4
Be3 47. Nb2 Bc1 48. b5+ Kb6 49. Nd3 axb5+ 50. axb5 Be3 51. Nb4 Kb7 52. Nc6 Kc7
53. Kd3 Bg5 54. Na5 Be7 55. Nc4 Bf8 56. Ke4 Be7 57. Kf4 f6 58. g3 f5 59. g4
fxg4 60. fxg4 Bf8 61. g5 Bc5 1-0

[Event "3. Memorial Oliver Gonzalez 2012 - B"]
[Site "Madrid ESP"]
[Date "2012.09.03"]
[Round "3.25"]
[White "Rives Higueras, Alan"]
[Black "Hernandez Mateo, Borja"]
[Result "1/2-1/2"]
[WhiteElo "1959"]
[BlackElo "1719"]
[PlyCount "62"]
[EventDate "2012.09.01"]
[EventType "swiss"]
[EventRounds "9"]
[EventCountry "ESP"]
[Source "lmi"]
[SourceDate "2012.09.01"]

1. e4 c5 2. Nf3 d6 3. d4 cxd4 4. Nxd4 Nf6 5. Nc3 a6 6. Be2 e5 7. Nf3 Be7 8. Be3
b5 9. Nd5 Nbd7 10. Nxe7 Qxe7 11. Qd3 Bb7 12. Nd2 Nc5 13. Bxc5 dxc5 14. a4 Rd8
15. Qe3 b4 16. f3 Nh5 17. g3 Rc8 18. Nc4 Rc7 19. Kf2 O-O 20. Rhd1 Nf6 21. Nd6
Rc6 22. Nf5 Qc7 23. Bc4 g6 24. Qg5 Rb6 25. Ke3 Bc8 26. Nh6+ Kg7 27. Rd2 Rd6 28.
Rad1 Rxd2 29. Rxd2 Nh5 30. Nf5+ Bxf5 31. exf5 Nf6 1/2-1/2

[Event "3. Memorial Oliver Gonzalez 2012 - B"]
[Site "Madrid ESP"]
[Date "2012.09.03"]
[Round "3.26"]
[White "Rosa Ramirez, Victor D"]
[Black "Garcia Lopez, Fernando"]
[Result "1-0"]
[WhiteElo "1951"]
[BlackElo "1678"]
[PlyCount "61"]
[EventDate "2012.09.01"]
[EventType "swiss"]
[EventRounds "9"]
[EventCountry "ESP"]
[Source "lmi"]
[SourceDate "2012.09.01"]

1. e4 e5 2. Nf3 Nc6 3. Bc4 Nf6 4. Ng5 Bc5 5. Bxf7+ Ke7 6. Bb3 Rf8 7. O-O d6 8.
Nc3 Bg4 9. Nd5+ Nxd5 10. Qxg4 Nf4 11. Ne6 Qd7 12. Qxg7+ Rf7 13. Qxf7+ Kxf7 14.
Nxc5+ Ke7 15. Nxd7 Kxd7 16. d3 Ne2+ 17. Kh1 Rf8 18. Be3 Ncd4 19. c3 Ne6 20. g3
c6 21. Bxe6+ Kxe6 22. Rae1 Nxc3 23. bxc3 d5 24. exd5+ cxd5 25. Bd4 Rf5 26. g4
Rg5 27. f4 Rxg4 28. f5+ Kf7 29. Rxe5 b6 30. Rfe1 Kf6 31. Rxd5+ 1-0

[Event "3. Memorial Oliver Gonzalez 2012 - B"]
[Site "Madrid ESP"]
[Date "2012.09.03"]
[Round "3.27"]
[White "Yaniz Lana, Francisco Javier"]
[Black "Sanchez Gomez, Emiliano"]
[Result "1-0"]
[WhiteElo "1667"]
[BlackElo "1933"]
[PlyCount "135"]
[EventDate "2012.09.01"]
[EventType "swiss"]
[EventRounds "9"]
[EventCountry "ESP"]
[Source "lmi"]
[SourceDate "2012.09.01"]

1. d4 Nf6 2. Bf4 g6 3. e3 c6 4. Nf3 Qb6 5. Qc1 Bg7 6. Nbd2 d5 7. Be2 O-O 8. O-O
Nbd7 9. a4 a5 10. c3 Re8 11. h3 h6 12. Ne5 Nf8 13. Rb1 Bf5 14. Nd3 h5 15. b4
axb4 16. Rxb4 Qa6 17. c4 N8d7 18. Qc3 Bf8 19. c5 b5 20. cxb6 e5 21. Bxe5 Nxe5
22. dxe5 Nd7 23. b7 Rab8 24. Nf4 Qa5 25. e6 fxe6 26. e4 Qxb4 27. Qg3 dxe4 28.
Bxh5 Bg7 29. Nxg6 Nf6 30. Ne7+ Qxe7 31. Bxe8 Qxe8 32. Nc4 e5 33. Rd1 Nd5 34. a5
Rxb7 35. Nd6 Qd7 36. Nxb7 Qxb7 37. Qg5 Be6 38. Qd8+ Kf7 39. Qd6 Qc7 40. Qa3 Bf8
41. Qa1 e3 42. fxe3 Bc5 43. Kh1 Nxe3 44. Rc1 Qd6 45. a6 Qd5 46. Qb2 Bxh3 47.
Rxc5 Bxg2+ 48. Kh2 Qxc5 49. Qb7+ Kf6 50. a7 Qc1 51. a8=Q Qh1+ 52. Kg3 Qe1+ 53.
Kh2 Qh4+ 54. Kg1 Qe1+ 55. Kh2 Qh1+ 56. Kg3 Qe1+ 57. Kh2 Qh4+ 58. Kg1 Qh1+ 59.
Kf2 Qf1+ 60. Kxe3 Qf3+ 61. Kd2 Qf2+ 62. Kc3 Qd4+ 63. Kb3 Bd5+ 64. Ka3 Qc3+ 65.
Ka4 Qa1+ 66. Kb4 Qb2+ 67. Kc5 Qc3+ 68. Kd6 1-0

[Event "3. Memorial Oliver Gonzalez 2012 - B"]
[Site "Madrid ESP"]
[Date "2012.09.03"]
[Round "3.28"]
[White "Alonso Garuti, Luis E"]
[Black "Romero Jaime, Pedro"]
[Result "1-0"]
[WhiteElo "1930"]
[BlackElo "1665"]
[PlyCount "79"]
[EventDate "2012.09.01"]
[EventType "swiss"]
[EventRounds "9"]
[EventCountry "ESP"]
[Source "lmi"]
[SourceDate "2012.09.01"]

1. e4 c5 2. Nf3 d6 3. d4 cxd4 4. Nxd4 Nf6 5. Nc3 g6 6. g3 Bg7 7. Bg2 O-O 8. O-O
Nc6 9. Nxc6 bxc6 10. e5 Ne8 11. Bxc6 Bh3 12. Bxa8 Qxa8 13. Qd5 Qc8 14. exd6 Nf6
15. Qh1 exd6 16. Rd1 Ng4 17. Qd5 Re8 18. Be3 Be5 19. Bd4 Nf6 20. Qh1 Bxd4 21.
Rxd4 Qe6 22. Rdd1 Ng4 23. Qd5 Qf6 24. Rd2 Ne5 25. f4 Be6 26. fxe5 dxe5 27. Qg2
Bc4 28. Qf2 Qc6 29. Rad1 Re6 30. Qe3 f5 31. Qxa7 Re8 32. Rd8 Bf7 33. Rxe8+ Bxe8
34. Nd5 Kh8 35. Qb6 Kg7 36. Qxc6 Bxc6 37. c4 e4 38. b4 Kf7 39. b5 Bb7 40. c5
1-0